书目信息 |
| 题名: |
香港初中视觉艺术课堂教学艺术
|
|
| 作者: | 区昌全 著 | |
| 分册: | ||
| 出版信息: | 重庆 西南师范大学出版社 2017.05 |
|
| 页数: | 379页 | |
| 开本: | 25cm | |
| 丛书名: | 艺术文化地图丛书 | |
| 单 册: | ||
| 中图分类: | J062 , G633.955.2 | |
| 科图分类: | ||
| 主题词: | 视觉艺术--课堂教学--教学研究--初中 , 教育--各级 | |
| 电子资源: | ||
| ISBN: | 978-7-5621-8636-6 | |
| 000 | 01157oam2 2200265 450 | |
| 001 | 4415 | |
| 005 | 20180613155215.70 | |
| 010 | @a978-7-5621-8636-6@b精装@dCNY98.00 | |
| 100 | @a20180612d2017 em y0chiy50 ea | |
| 101 | 0 | @achi |
| 102 | @aCN@b500000 | |
| 105 | @aa z 000yy | |
| 200 | 1 | @a香港初中视觉艺术课堂教学艺术@9xiang gang chu zhong shi jue yi shu ke tang jiao xue yi shu@f区昌全著 |
| 210 | @a重庆@c西南师范大学出版社@d2017.05 | |
| 215 | @a379页@c图@d25cm | |
| 225 | 1 | @a艺术文化地图丛书@f梁玖总主编 |
| 330 | @a本书稿系作者博士论文,是其22年教学研究工作以及博士求学期间思考的结晶,全文主要分五章七个部分论述香港初中视觉艺术课堂教学艺术,分别由:绪论、香港初中视觉艺术教育现状、初中视觉艺术课堂教学艺术的本质、香港初中视觉艺术课堂教学艺术与教学实现的相关性、完善香港初中视觉艺术课堂教学艺术的方法、创造多样的香港初中视觉艺术课堂教学艺术风格、结语组成本书稿的结构。 | |
| 461 | 0 | @12001 @a艺术文化地图丛书 |
| 606 | 0 | @a视觉艺术@x课堂教学@x教学研究@x初中 |
| 606 | 0 | @a教育@x各级 |
| 690 | @aJ062@v5 | |
| 690 | @aG633.955.2@v4 | |
| 701 | 0 | @a区昌全@9ou chang quan@4著 |
| 801 | 0 | @aCN@b91MARC@c20180612 |
| 905 | @aMuseLib@dG633.955.2@e141 | |
| 香港初中视觉艺术课堂教学艺术/区昌全著.-重庆:西南师范大学出版社,2017.05 |
| 379页:图;25cm.-(艺术文化地图丛书/梁玖总主编) |
| ISBN 978-7-5621-8636-6(精装):CNY98.00 |
| 本书稿系作者博士论文,是其22年教学研究工作以及博士求学期间思考的结晶,全文主要分五章七个部分论述香港初中视觉艺术课堂教学艺术,分别由:绪论、香港初中视觉艺术教育现状、初中视觉艺术课堂教学艺术的本质、香港初中视觉艺术课堂教学艺术与教学实现的相关性、完善香港初中视觉艺术课堂教学艺术的方法、创造多样的香港初中视觉艺术课堂教学艺术风格、结语组成本书稿的结构。 |
| ● |
| 相关链接 |
|
|
|
|
正题名:香港初中视觉艺术课堂教学艺术
索取号:G633.955.2/141
 
预约/预借
| 序号 | 登录号 | 条形码 | 馆藏地/架位号 | 状态 | 备注 |
| 1 | 1117433 | 211174334 | 第一样本阅览室/ [索取号:G633.955.2/141] | 在馆 | |
| 2 | 1117434 | 211174343 | 教育系资料室/ [索取号:G633.955.2/141] | 在馆 | |
| 3 | 1117435 | 211174352 | 教育系资料室/ [索取号:G633.955.2/141] | 在馆 | |
| 4 | 1117436 | 211174361 | 教育系资料室/ [索取号:G633.955.2/141] | 在馆 | |
| 5 | 1117437 | 211174370 | 第四借阅区/ [索取号:G633.955.2/141] | 在馆 |